| 000 | 00555nam a22001937a 4500 | ||
|---|---|---|---|
| 003 | BUBTL | ||
| 008 | 170530b xxu||||| |||| 00| 0 eng d | ||
| 020 | _a1463675544 | ||
| 082 | _a687KAQ | ||
| 100 |
_91246 _aKadolph,Sara J. |
||
| 245 | _aQuality Assurance for Textiles and Apparel | ||
| 260 |
_aNew York _bFairchaild Publications _cc1998 |
||
| 300 |
_a[xxi],581p. _c28cm. |
||
| 650 | 0 |
_9909 _aTextile Engineering |
|
| 700 |
_91247 _aKadolph,Sara J. |
||
| 856 |
_k0 _l0 _yDownload |
||
| 942 |
_2ddc _cBK |
||
| 999 |
_c5474 _d5474 |
||